Histoire de la boxe - Statistiques

Statistiques générales
  • Ce quiz a été pris 31 fois
  • Le résultat moyen est 6 sur 17
Statistiques - réponses
Hint Réponse % Correct
Charles Lecourt étudie le "boxing londonien" à paris 1830
100%
Michel casseux ouvre la première salle de Savate à paris et tente d'unifier les techniques et écrit un traité ; l'art de la savate 1820
80%
Vers cette époque, les marins francais et génois utilisent une méthode de combat aux pieds pendant les heures de calme, posant une main au sol pour assurer leur équilibre lorsqu'ils frappent ligne haute 1790
60%
Charles Lecourt ajoute la technique des poings a celle utilisant les pieds et crée la boxe Francaise 1832
60%
Les charlemont créent l'académie de boxe francaise 1887
60%
Grande époque de la boxe française 1900
60%
Dans le midi de la france, c'est le chausson. A Paris et dans le nord, c'est la savate 1800
40%
Bonaparte crée l'école de joinville 1852
40%
Décret d'état proclamant l'interdiction des sport de combats, la boxe francaise devient un exercice gymnique 1856
40%
Renaissance de la Boxe française 1966
20%
Création FFSB 1903
0%
Déclin de la boxe française au détriment de la boxe anglaise : FFSB -> FFB 1914
0%
Création du comité nationale de boxe française 1965
0%
CNBF devient FNBF 1973
0%
Premier championnat de france féminin 1982
0%
Création de la Fédération Internationale 1985
0%
La fédération devient FFSBF ET DA 2000
0%
Aucun quiz correspondant
Distribution des résultats
% des personnes avec chaque résultat
Percentile par nombre de réponses
Votre historique - résultats
Vous n’avez pas pris ce quiz